00501nam a22001697a 450000500170000001000150001702000260003203500140005803700130007208200100008510000170009524500630011225000070017526000490018227000770023130000230030820220310111339.0 aENG-131926 a9789390555499c819.00 aEN-115458 bDBAD/PUB a535.2 aSharma, B.M. aOptics and Modern Physics for JEE (Advanced)/cB.M. Sharma a3e aDelhibCengage Learning India Pvt. Ltdc2021 aT-303, 3rd Floor, DAV Complex, Plot 3 Mayur Vihar Phase 1bDelhie110091 aix, vp.c28cm(pbk)